Pedro Francisco Bonó : (Registro nro. 7673)

Detalles MARC
000 -LIDER
fixed length control field 01092nam a2200337 a 4500
001 - NÚMERO DE CONTROL
Identificador de número de control 000003928
003 - IDENTIFICACDOR DE NÚMERO DE CONTROL
control field DO-SdBNP
005 - DATE AND TIME OF LATEST TRANSACTION
control field 20220602123730.0
007 - CAMPOS FIJOS DE DESCRIPCIÓN FÍSICA
fixed length control field 000003928
008 - ELEMENTOS DE LONGITUD FIJA
fixed length control field 090715s2007 dr a 000 0 spa d
020 ## - ISBN
International Standard Book Number 9789945020137
040 ## - FUENTE DE CATALOGACIÓN
Agencia que crea de manera original el registro BPMSU
Idioma de catalogación spa
Agencia que realiza la transcripción BPMSU
082 #4 - NÚMERO DE CLASIFICACIÓN DECIMAL DE DEWEY
Classification number 923.2
Item number A673p
245 10 - MENCIÓN DE TITULO
Título Pedro Francisco Bonó :
Subtítulo textos selectos /
Mención de responsabilidad editor Dantes Ortiz ; prefacio Raymundo González.
260 0# - PUBLICACIÓN, DISTRIBUCIÓN, ETC. (PIE DE IMPRENTA)
Lugar de publicación, distribución, etc Santo Domingo :
Nombre del editor, distribuidor, etc. Archivo General de la Nación,
Fecha de publicación, distribución, etc 2007.
300 ## - DESCRIPCIÓN FÍSICA
Extensión 170 p. :
Otros detalles físicos il. ;
Dimensiones 23 cm.
490 0# - MENCIÓN DE SERIES
Mención de serie Archivo General de la Nación,
Volume/sequential designation 29
490 1# - MENCIÓN DE SERIES
Mención de serie juvenil ;
Volume/sequential designation 1
500 ## - NOTA GENERAL
Nota general Incluye índice.
504 ## - NOTA DE BIBLIOGRAFÍA, ETC.
Bibliography, etc Bibliografía: p. 165-168
590 ## - NOTA LOCAL
Enlace Inventariado, 2022/VM
600 14 - ENCABEZAMIENTO DE MATERIA--NOMBRE PERSONAL
Nombre personal Bonó, Pedro Francisco
Fechas asociadas con el nombre 1828-1906
651 #4 - ENCABEZAMIENTO DE MATERIA--NOMBRE GEOGRÁFICO
Nombre geográfico República Dominicana
Subdivisión temática general Historia
700 12 - ASIENTO SECUNDARIO -- NOMBRE PERSONAL
Nombre personal Ortiz, Dantes,
Mención de responsabilidad ed.
700 12 - ASIENTO SECUNDARIO -- NOMBRE PERSONAL
Nombre personal González, Raymundo,
710 2# - ASIENTO SECUNDARIO -- NOMBRE CORPORATIVO
Término de relación Archivo General de la Nación
830 ## - ASIENTO SECUNDARIO DE SERIE--TÍTULO UNIFORME
Nombre de la parte o sección de una obra Archivo General de la Nación ;
Volume number/sequential designation 29
830 0# - ASIENTO SECUNDARIO DE SERIE--TÍTULO UNIFORME
Título uniforme Juvenil ;
Número de la parte o sección de una obra 1
910 ## - VALIDACIÓN
Validación VMateo V./Validado. Control de calidad MFF
942 ## - ADDED ENTRY ELEMENTS (KOHA)
Source of classification or shelving scheme Dewey Decimal Classification
Koha item type Libros
Existencias
Withdrawn status Lost status Source of classification or shelving scheme Damaged status Not for loan Collection code Home library Current library Date acquired Full call number Barcode Date last seen Price effective from Koha item type Copy number
    Dewey Decimal Classification     Colección Juvenil Dominicana Biblioteca Pública Metropolitana Salomé Ureña Biblioteca Pública Metropolitana Salomé Ureña 04/21/2015 BPMSU CD 923.27293 A673p BPMSU15040368 04/21/2015 04/21/2015 Libros  
    Dewey Decimal Classification     Colección Juvenil Dominicana Biblioteca Pública Metropolitana Salomé Ureña Biblioteca Pública Metropolitana Salomé Ureña 04/21/2015 BPMSU CG 923.27293 A673p BPMSU15040369 04/21/2015 04/21/2015 Libros e.2
    Dewey Decimal Classification     Colección Juvenil Dominicana Biblioteca Pública Metropolitana Salomé Ureña Biblioteca Pública Metropolitana Salomé Ureña 04/21/2015 BPMSU CD 923.2 A673p 2007 BPMSU15040370 04/21/2015 04/21/2015 Libros e.3